Entrepreneurial development / (Record no. 23269)

MARC details
000 -LEADER
fixed length control field 00791nam a22002177a 4500
008 - FIXED-LENGTH DATA ELEMENTS--GENERAL INFORMATION
fixed length control field 090209t xxu||||| |||| 00| 0 eng d
010 ## - LCCN (DPL NO)
LC control number ENG-92913
020 ## - INTERNATIONAL STANDARD BOOK NUMBER
Terms of availability 70.00
International Standard Book Number 9788184720617
035 ## - SYSTEM CONTROL NUMBER
System control number EN-76446
037 ## - SOURCE OF ACQUISITION
Source of stock number/acquisition DBAD / PUB
040 ## - CATALOGING SOURCE
Original cataloging agency dpl
Language of cataloging English
082 ## - DEWEY DECIMAL CLASSIFICATION NUMBER
Classification number 338.04
100 ## - MAIN ENTRY--PERSONAL NAME
Personal name Jeyakumari, J.J.
245 ## - TITLE STATEMENT
Title Entrepreneurial development /
Statement of responsibility, etc by J.J. Jeyakumari
260 ## - PUBLICATION, DISTRIBUTION, ETC. (IMPRINT)
Place of publication, distribution, etc Kumbakonam
Name of publisher, distributor, etc Anuradha Publications
Date of publication, distribution, etc 2008
270 ## - ADDRESS
Address Vidayal Karuppur,
City Kumbakonam
Postal code 612605
300 ## - PHYSICAL DESCRIPTION
Extent 141p.
Dimensions 22cm (pbk)
650 ## - SUBJECT ADDED ENTRY--TOPICAL TERM
Topical term or geographic name as entry element Entrepreneurship.
942 ## - ADDED ENTRY ELEMENTS (KOHA)
Source of classification or shelving scheme Dewey Decimal Classification
Item type English Books
Call number suffix JEY
Classification part 338.04
Holdings
Withdrawn status Lost status Source of classification or shelving scheme Damaged status Not for loan Collection code Home library Current library Date acquired Source of acquisition Cost, normal purchase price Total Checkouts Full call number Barcode Date last seen Copy number Cost, replacement price Koha item type
    Dewey Decimal Classification   Not For Loan Non-fiction D.B.Act.Division D.B.Act.Division 09/02/2009 DBAD / PUB 70.00   338.04 JEY EN-76446 09/02/2009 1 70.00 English Books

© Delhi Public Library
Hit Counter
free hit counter